Normal view
MARC view
Entry Personal Name
001 - CONTROL NUMBER
- control field: 42233
003 - CONTROL NUMBER IDENTIFIER
- control field: ARRUPE
005 - DATE AND TIME OF LATEST TRANSACTION
- control field: 20180918101058.0
008 - FIXED-LENGTH DATA ELEMENTS
- fixed length control field: 180918|| aca||aabn | a|a d
040 ## - CATALOGING SOURCE
- Original cataloging agency: ARRUPE
- Transcribing agency: ARRUPE
100 ## - HEADING--PERSONAL NAME
- Personal name: Havard, Alan
670 ## - SOURCE DATA FOUND
- Source citation: Work cat.: (ARRUPE)33502: Havard, Alan, Death and Rebirth of a marriage, 1970